Bajo el signo mortal...la dulce herida, la emoción perdida y poemas escogidos
Guardat en:
| Autor principal: | |
|---|---|
| Format: | Llibre |
| Idioma: | espanyol |
| Publicat: |
Ciudad de México
Poesía Hispanoamericana
1942
|
| Col·lecció: | Colección de Poesía Hispanoamericana, 1
|
| Matèries: | |
| Etiquetes: |
Afegir etiqueta
Sense etiquetes, Sigues el primer a etiquetar aquest registre!
|
MARC
| LEADER | 00000nam a2200000 a 4500 | ||
|---|---|---|---|
| 001 | UCZ9457 | ||
| 003 | CL-VaPUC | ||
| 008 | 960308e19420000MX |||||||||||||||||spa|d | ||
| 082 | 0 | 4 | |a 861 |b GON |2 21 |
| 100 | 0 | |a González Martínez, Enrique |e author |9 354434 | |
| 245 | 1 | 0 | |a Bajo el signo mortal...la dulce herida, la emoción perdida y poemas escogidos |
| 300 | |a 182 p | ||
| 942 | |c BK | ||
| 945 | |d 19960308 00:00:00 |a mcarcey | ||
| 260 | |a Ciudad de México |b Poesía Hispanoamericana |c 1942 | ||
| 650 | 0 | |a Poesías hispanoamericanas |9 267672 | |
| 583 | |a last modification |c 19960308 00:00:00 |k Rodrigo Vera | ||
| 490 | 0 | |a Colección de Poesía Hispanoamericana, 1 | |
| 999 | |c 244764 |d 244762 | ||
| 952 | |0 0 |1 0 |4 0 |6 861_000000000000000_GON_1942 |7 0 |8 A |9 258948 |a BIBEDU |b BIBEDU |d 2019-11-19 |i 3174573 |o 861 GON 1942 |p 3174573 |r 2019-11-19 |w 2019-11-19 |y BK |k LIT | ||